Представление документа в формате MARC21

Поле Инд. ПП Название Значение
Тип записи a
Библиографический уровень m
001 Контрольный номер 08de0507-abf0-469b-9939-da4663d490bd
005 Дата корректировки 20131122101204.5
008 Кодируемые данные 960426 d
040 a Служба первич. каталог. НБ ТвГУ
041 a Код языка текста rus
080 a Индекс УДК 539.18(075.8)
a Индекс УДК 530.145.6(075.8)
084 a Индекс другой классификации/Индекс ББК В36я731-1
a Индекс другой классификации/Индекс ББК В314я731-1
090 x Авторский знак Ш84
a Полочн. индекс 530.3
100 1_ a Автор Шпольский Эдуард Владимирович
245 1_ a Заглавие Атомная физика
n Номер части/ раздела Т. 2
p Название части/ раздела Основы квантовой механики и строение электронной оболочки атома
b Продолж. заглавия Учеб. пособие для студентов вузов
c Ответственность Э. В. Шпольский
250 a Основные сведения об издании 4-е изд., перераб.
260 0_ a Место издания Москва
b Издательство Наука
c Дата издания 1974
300 a Объем 447 с.
b Иллюстрации/ тип воспроизводства ил.
650 a Основная рубрика Атомная физика
x Основная подрубрика Учебники для вузов
650 a Основная рубрика Квантовая механика
650 a Основная рубрика Атомы
x Основная подрубрика Строение и свойства
653 a Ключевые слова Квантовая механика
a Ключевые слова Атомная физика
a Ключевые слова Строение атомов
a Ключевые слова Атомы
a Ключевые слова Электронная оболочка атомов
a Ключевые слова Учебники
852 t Порядковый номер экземпляра 24
p Инвентарный номер 400994
p Инвентарный номер 400995
p Инвентарный номер 543 - 22 экз.
930 a Новая/Ретро учебники
952 c Вид литературы К ру
954 a Дата поступления на обработку 20011002
999 a Подразделение 2 Фил3